El síndrome del fin del mundo

Guardat en:
Dades bibliogràfiques
Autor principal: Maddox, John
Format: Llibre
Idioma:Undetermined
Publicat: Barcelona, España Barral 1974
Matèries:
Etiquetes: Afegir etiqueta
Sense etiquetes, Sigues el primer a etiquetar aquest registre!

MARC

LEADER 00000nam a2200000Ia 4500
008 170316s9999 xx 000 0 und d
040 |a cru BVZT 
090 |a 810 M-4s 
100 |a Maddox, John 
245 |a El síndrome del fin del mundo 
260 |a Barcelona, España 
260 |b Barral 
260 |c 1974 
300 |a 285 páginas 
650 |a LITERATURA ESTADOUNIDENSE 
999 |c 5955  |d 5955 
942 |c 15 D  |h 810 M-4s  |2 z